000 01822 a2200181 4500
020 _a0273635522 (paperback)
020 _a9780273635529 (paperback)
082 0 4 _a658
090 _c5158
_d5158
100 1 _aMullins, Laurie J.
245 1 0 _aManagement and organisational behaviour /
_cLaurie J. Mullins.
250 _a5th ed.
260 _a[S.l.] :
_bFinancial Times Management,
_c1999.
300 _a928 p. ;
_c25 cm.
520 _aBuilding on the strengths of the four previous editions, Management and Organisational Behaviour, 5ed has been significantly updated, while retaining its distinctive managerial approach. The interactions among the structure and operations of organisations, the process of management and the behaviour of people at work are the main concerns of the book, while the need for organisational effectiveness and the importance of the role of management as an integrating activity are underlying themes throughout. New to this edition are chapters on organisational learning and on technology. Throughout there is now greater emphasis on international issues, the impact of IT, ethics and social responsibility. Cases and examples have been selected from a variety of organisations - public, private, voluntary and international. Subjects such as power and politics, innovation, learning organisations and empowerment have been given greater prominence. All this is generously supported by short and long cases from the Financial Times and other sources,manager profiles, boxed exhibits and newspaper articles to provide a real-life context. Pedagogical features such as learning objectives, assignments, review and discussion questions enhance the learning experience.
856 4 0 _3Amazon.com
_uhttp://www.amazon.com/exec/obidos/ASIN/0273635522/chopaconline-20
942 _aNBS
_cBK
_k658 LAU
999 _c347578
_d347578